Obras de teatro por trama - Estadísticas

Estadísticas generales
  • Esta prueba ha sido intentada 72 veces
  • La puntuación promedio es 10 de 15
Estadísticas de respuestas
Hint Respuesta % Correcto
Dos jóvenes enamorados luchan contra el odio entre sus familias, con un trágico final Romeo & Julieta
92%
Un grupo de gatos en un callejón cuentan sus historias para decidir quién renacerá en una nueva vida Cats
88%
Un rey descubre que ha matado a su padre y se ha casado con su madre, cumpliendo sin saberlo una antigua profecía Edipo Rey
88%
Un misterioso hombre enmascarado acecha la Ópera de París mientras se enamora de una joven soprano El fantasma de la ópera
86%
Un rey divide su reino entre sus hijas según cuánto lo adulen, lo que desencadena traición y locura El rey Lear
70%
Una posada queda aislada por la nieve mientras los huéspedes descubren que uno de ellos es un asesino La Ratonera
68%
Un noble escocés, impulsado por la ambición y una profecía, cae en una espiral de asesinatos Macbeth
68%
Un príncipe heredero al trono danés planea vengar la muerte de su padre mientras finge locura Hamlet
60%
Un poeta con gran elocuencia y una nariz enorme ayuda a otro hombre a conquistar a la mujer que ama Cyrano de Bergerac
58%
Amores cruzados, hadas traviesas y confusión mágica en un bosque encantado Sueño de una noche de verano
56%
Una adolescente de Baltimore se une a la lucha interracial de su ciudad Hairspray
54%
Una familia aristocrática rusa se enfrenta a la pérdida de su finca y su pasado en un mundo que cambia El jardín de los cerezos
50%
Un pintor obsesionado con su obra lucha por equilibrar su arte con sus relaciones personales, inspirándose en el cuadro de Seurat Domingo en el parque con George
44%
Una mujer sureña en decadencia mental se enfrenta a la brutalidad de su cuñado Un tranvía llamado Deseo
42%
Una pareja se desgarra emocionalmente frente a unos invitados en una noche de revelaciones intensas ¿Quién teme a Virginia Woolf?
34%
No se encontraron pruebas coincidentes
Distribución de puntuación
Porcentaje de gente con cada puntuación
Porcentaje por número respondido
Historial de tus puntuaciones
No has intentado esta prueba.